1493 1973 1122 1715 1528 1021 1186 1081 1258 1782 1644 1395 1339 1291 1938 1070 1403 1030 1854 1371 1165 1754 1783 1419 1932 1988 1706 1771 1333 1499 1274 1702 1614 1202 1478 1850 1968 1995 1438 1791 1614 1945 1162 1364 1776 1765 1433 1727 1198 1514 1504 1319 1968 1221 1726 1775 1792 1659 1433 1448 1886 1259 1680 1364 1917 1554 1242 1893 1186 1615 1126 1251 1107 1872 1933 1751 1532 1135 1997 1090 1379 1334 1518 1832 1340 1616 1836 1385 1777 1485 1575 1526 1245 1320 1162 1156 1054 1164 1717 BCNSPRNW ULIB Ver.6.0+V

เปลี่ยนเป็นภาษาไทย

Change to English
 แสดงรายละเอียดบรรณานุกรม
  กลับหน้าหลัก

Brief Record : Get Marc (ISO 2709) : E-mail record : QR code < ปิดหน้าต่าง
LEADER : 00000nam 2200000uu 4500
001    13399126975
003     ULIB
008    190920s2559||||th 000 0 tha d
020    ^a9786164131507
050  4 ^aH62^bท461ว
100 0  ^aทิพย์สิริ กาญจนวาสี
245 10 ^aวิธีวิทยาการวิจัย =^bResearch methodology /^cทิพย์สิริ กาญจนวาสี,ศิริชัย กาญจนวาสี
246 30 ^aResearch methodology
250    ^aพิมพ์ครั้งที่ 1
260    ^aกรุงเทพฯ :^bทรีบีการพิมพ์และตรายาง,^c2559
300    ^a277 หน้า :^bภาพประกอบ ;^c30 ซม.
505 0  ^aการวิจัย -- การเตรียมการวิจัย -- การกำหนดปัญหาในการวิจัย --การพัฒนากรอบแนวคิดของการวิจัย -- การออกแบบการวิจัย --การเขียนเสนอโครงการวิจัย -- การพัฒนาเครื่องมือการวิจัย --การกำหนกกลุ่มตัวอย่างและการเก็บรวบรวมข้อมูล -- การวิเคราะห์ข้อมูล --การเขียนรายงานการวิจัย -- การเผยแพร่ผลงานวิจัย
650  4 ^aวิจัย^xวิธีวิทยา
650  4 ^aการเขียนโครงการวิจัย
700 0  ^aศิริชัย กาญจนวาสี
945    ^p300^l0^i006036
945    ^p300^l0^i006037
945    ^p300^l0^i006032
945    ^p300^l0^i006033
945    ^p300^l0^i006035
999    ^aประนอม เกษจรัล
รายการนี้ยังไม่มีแท็ก
คุณยังไม่ได้ล็อกอิน คุณสามารถมีกิจกรรมร่วมกับเว็บไซต์ได้ แต่ต้องล็อกอินก่อน ::
  ล็อกอิน

รายการสื่อสารสนเทศ

ลำดับที่ ประเภท เลขเรียก/บาร์โค้ด สถานที่ สถานะ
1. การศึกษาทั่วไป
หนังสือสำรอง
สถานะ=หนังสือสำรอง
H62 ท461ว ฉ.1 
  Barcode: 006032
ห้องสมุดวิทยาเขตสวรรค์ประชารักษ์
►หนังสือทั่วไป
บนชั้น
2. การศึกษาทั่วไป
การศึกษาทั่วไป
H62 ท461ว ฉ.2 
  Barcode: 006033
ห้องสมุดวิทยาเขตสวรรค์ประชารักษ์
►หนังสือทั่วไป
บนชั้น
3. การศึกษาทั่วไป
การศึกษาทั่วไป
H62 ท461ว ฉ.3 
  Barcode: 006035
ห้องสมุดวิทยาเขตสวรรค์ประชารักษ์
►หนังสือทั่วไป
บนชั้น
4. การศึกษาทั่วไป
การศึกษาทั่วไป
H62 ท461ว ฉ.4 
  Barcode: 006036
ห้องสมุดวิทยาเขตสวรรค์ประชารักษ์
►หนังสือทั่วไป
บนชั้น
5. การศึกษาทั่วไป
การศึกษาทั่วไป
H62 ท461ว ฉ.5 
  Barcode: 006037
ห้องสมุดวิทยาเขตสวรรค์ประชารักษ์
►หนังสือทั่วไป
บนชั้น

รายการใกล้เคียง
    หัวเรื่อง [การเขียนโครงการวิจัย]

BibComment


ยังไม่เคยถูกคอมเมนท์

คอมเมนท์ทรัพยากรรายการนี้
  คอมเมนท์: วิธีวิทยาการวิจั..


 Copyright 2026. Bcnsprnw @Library